| 000 | 01010naa a2200289 c 4500 | ||
|---|---|---|---|
| 001 | 35002 | ||
| 003 | ES-MaCES | ||
| 005 | 20050531091200.0 | ||
| 008 | 050531n2004 sp t 000 | spa d | ||
| 035 | _aCES20050004835v | ||
| 040 |
_aES-MaCES _bspa _cES-MaCES |
||
| 100 | 1 |
_aGarcía Murcia, Joaquín _912994 |
|
| 245 | 1 | 4 |
_aDel salario mínimo al IPREM _b: el nuevo indicador para las prestaciones y ayudas sociales _cJoaquín García Murcia |
| 500 | _aSumario | ||
| 650 | 4 |
_aEspaña _926964 |
|
| 650 | 4 |
_ajurisprudencia _928624 |
|
| 650 | 4 |
_aseguridad social _927034 |
|
| 650 | 4 |
_aindicador social _927259 |
|
| 650 | 4 |
_agastos sociales _930633 |
|
| 650 | 4 |
_agestión de las prestaciones _930736 |
|
| 650 | 4 |
_asalario mínimo _928382 |
|
| 653 | 1 | 0 | _aAsuntos Sociales |
| 773 | 0 |
_tRelaciones laborales _gaño 20, n. 20 (22 oct. 2004){10194 R. 058524}; p. 13-31 _w(ES-MaCES)25210 _942971 |
|
| 902 | _aART Artículo de revista | ||
| 942 |
_2CES _cAR _h3.3. |
||
| 999 |
_c35002 _d35002 |
||